00165nam a2200073Ia 4500008004100000020000600041100002200047245002200069211105s9999 xx 000 0 und d a" aJoubert, Junita  0aTrappe na nerens